Click the Wars in Chronological Order - United States - Statistics

General Stats
  • This quiz has been taken 372 times
    371 since last reset
  • The average score is 12 of 15
Answer Stats
Hint Answer % Correct
1775-1783 Revolutionary War
96%
1941-1945 WWII
91%
1861-1865 Civil War
89%
1812-1815 War of 1812
88%
1917-1918 WWI
88%
1950-1953 Korean War
86%
1955-1975 Vietnam War
86%
2001-2021 War in Afghanistan
86%
1990-1991 Gulf War
82%
2003-2011 Iraq War
78%
1846-1848 Mexican-American War
73%
1898 Spanish-American War
73%
1983 Invasion of Grenada
70%
1898-1913 Philippine-American War
67%
1859 Pig War
59%
No matching quizzes found
Score Distribution
Percent of People with Each Score
Percentile by Number Answered
Your Score History
You have not taken this quiz since the last reset